The book of Memory (Record no. 123604)
[ view plain ]
| 000 -LEADER | |
|---|---|
| fixed length control field | 00367nam a22001337a 4500 |
| 008 - FIXED-LENGTH DATA ELEMENTS--GENERAL INFORMATION | |
| fixed length control field | 151024b xxu||||| |||| 00| 0 eng d |
| 020 ## - INTERNATIONAL STANDARD BOOK NUMBER | |
| International Standard Book Number | 9780571249626 |
| 050 ## - LIBRARY OF CONGRESS CALL NUMBER | |
| Classification number | PR9390.9.G3.B6 |
| 100 ## - MAIN ENTRY--PERSONAL NAME | |
| Personal name | Gappah, Petina |
| 9 (RLIN) | 20520 |
| 245 ## - TITLE STATEMENT | |
| Title | The book of Memory |
| Statement of responsibility, etc | / Petina Gappah |
| 260 ## - PUBLICATION, DISTRIBUTION, ETC. (IMPRINT) | |
| Place of publication, distribution, etc | London |
| Name of publisher, distributor, etc | Faber and Faber |
| Date of publication, distribution, etc | 2015 |
| 300 ## - PHYSICAL DESCRIPTION | |
| Extent | 274p. |
| Dimensions | 24cm. |
| 942 ## - ADDED ENTRY ELEMENTS (KOHA) | |
| Source of classification or shelving scheme | Library of Congress Classification |
| Item type | Monograph ( Printed materials) |
| Withdrawn status | Lost status | Source of classification or shelving scheme | Damaged status | Not for loan | Collection code | Home library | Current library | Shelving location | Date acquired | Total Checkouts | Full call number | Barcode | Date last seen | Date last borrowed | Price effective from | Koha item type |
|---|---|---|---|---|---|---|---|---|---|---|---|---|---|---|---|---|
| Library of Congress Classification | Main Collection | ARRUPE LIBRARY | ARRUPE LIBRARY | Main Collection | 24/10/2015 | 4 | PR9390.9.G3 B6 | 46500005274 | 24/07/2025 | 27/11/2024 | 24/10/2015 | Monograph ( Printed materials) | ||||
| Library of Congress Classification | Main Collection | ARRUPE LIBRARY | ARRUPE LIBRARY | Main Collection | 17/08/2016 | 3 | PR9390.9.G3 B6 | 46500010339 | 15/02/2023 | 16/01/2023 | 17/08/2016 | Monograph ( Printed materials) | ||||
| Library of Congress Classification | Main Collection | ARRUPE LIBRARY | ARRUPE LIBRARY | Main Collection | 24/09/2019 | 2 | PR9390.9.G3 B6 | 46600000863 | 06/05/2024 | 17/04/2024 | 24/09/2019 | Monograph ( Printed materials) |